|
|
|
|
| LEADER |
01059nam a2200289 u 4500 |
| 001 |
10038117 |
| 003 |
upatras |
| 005 |
20210117195748.0 |
| 008 |
001205s1995 uk eng |
| 020 |
|
|
|a 050001664X
|
| 040 |
|
|
|a GR-PaULI
|c GR-PaULI
|
| 041 |
0 |
|
|a eng
|
| 082 |
0 |
4 |
|a 914.55
|
| 100 |
1 |
|
|a Bentley, James
|9 25970
|
| 245 |
1 |
0 |
|a The most beautiful villages of Tuscany
|c James Bentley; photographs by Hugh Palmer
|
| 260 |
|
|
|a London
|b Thames and Hudson
|c 1995
|
| 300 |
|
|
|a 224 p.
|b phot.
|c 31 cm.
|
| 500 |
|
|
|a With 288 colour illustrations
|
| 650 |
|
4 |
|a Γεωγραφία
|z Ιταλία
|9 25971
|
| 650 |
|
4 |
|a Φωτογραφία
|9 6485
|
| 650 |
|
4 |
|a Λευκώματα
|9 2068
|
| 700 |
1 |
|
|a Palmer, Hugh
|4 pht
|9 9499
|
| 852 |
|
|
|a GR-PaULI
|b ΠΑΤΡΑ
|b ΑΡΧΙΤΕΚΤΟΝΙΚΗ
|k ΑΣΧΞ-2
|h 914.55 B
|m 000788
|p 025000089323
|t 1
|
| 942 |
|
|
|2 ddc
|c BK15
|
| 952 |
|
|
|0 0
|1 0
|4 0
|6 914_550000000000000_B
|7 0
|9 24239
|a ARCH
|b ARCH
|d 2016-04-24
|i 000788
|l 0
|o 914.55 B
|p 025000089323
|r 2016-04-24 00:00:00
|t 1
|w 2016-04-24
|y BK15
|
| 998 |
|
|
|c MANIAKH
|d 2000-12
|
| 999 |
|
|
|c 15257
|d 15257
|